Humanotech. : Seminár, Bratislava, 29.5.1997.
Uložené v:
| Médium: | Kniha |
|---|---|
| Jazyk: | Slovak |
| Vydané: |
Bratislava :
Dom techniky ZS VTS Bratislava, s.r.o.,
1997
|
| Vydanie: | 1. vyd. |
| Témy: | |
| ISBN: |
8023303902 (brož.) |
| Fyzický popis: |
55 s. |
| Tagy: |
Pridať tag
Žiadne tagy, Buďte prvý kto otaguje tento záznam!
|
Titul je dostupný aj v ... 

MARC
| LEADER | 00000nam a2200000 a 4500 | ||
|---|---|---|---|
| 001 | 000036639 | ||
| 003 | SVKK | ||
| 005 | 19990616000000.0 | ||
| 008 | 970902s1997 xo e sloo | ||
| 020 | |a 8023303902 (brož.) | ||
| 040 | |a SVKKK |b slo |c SVKKK |e AACR2 | ||
| 041 | 0 | |a slo | |
| 044 | |a xo |c SK | ||
| 080 | |a 369.25(082) |2 1997 | ||
| 245 | 0 | 0 | |a Humanotech. : |b Seminár, Bratislava, 29.5.1997. |
| 250 | |a 1. vyd. | ||
| 260 | |a Bratislava : |b Dom techniky ZS VTS Bratislava, s.r.o., |c 1997 | ||
| 300 | |a 55 s. | ||
| 653 | 0 | |a osoby postihnuté |2 SVKKKPH | |
| 653 | 0 | |a pomôcky liečebné |2 SVKKKPH | |
| 653 | 0 | |a zborníky |2 SVKKKPH | |
| 655 | 7 | |a zborníky |2 SVKKKPH | |
| 910 | |a svkkk | ||
| 919 | |a 80-233-0390-2 | ||
| 974 | |a MI |d 19971016 | ||
| 974 | |a DB |d 19971128 | ||
| 974 | |a MI |d 19990616 | ||
| 998 | |a BK | ||
| 090 | |g SCKHL |k Sklad Pribinova 2. posch. |a III.178029 |j 910812 |i 2720439224 |s Absenčne | ||